00521nam a2200193Ii 450000100060000000300090000600800410001502000180005604000330007404100080010708400120011510000270012724500230015426400570017730000120023433600260024633700280027233800270030022886CO-ViMGA241108s9999||||xx |||||||||||||| ||und|| a9788420675015 aCO-ViMGAbspaerdacCO-ViMGA0 aspa aN MAA2l1 aMaalouf, Amin, d1949-10aLeón el Africano 1aMadrid, España : [Editorial no identificada], 1990 avolumen atextbtxt2rdacontent aunmediatedbn2rdamedia avolumebnc2rdacarrier